000
00290nam a22001337a 4500
008
170830b xxu||||| |||| 00| 0 eng d
020
_a
9780312443184
041
_a
eng
080
_a
070
100
_a
39
101
_a
MED
245
_a
SPEAKERS GUIDE BOOK
_c
STEWART.R
942
_2
udc
_c
BK
999
_c
25523
_d
25523